000 00182nam a2200085 4500
001 1257554
005 20260216133736.0
245 _aökkeş kapıcı
_cmuzaffer izgü
260 _böztürk
999 _c1257554
_d1257554